00568nam a22001937a 4500999001900000005001700019010001300036020001500049035001300064082001300077100001500090245008600105250000900191260004700200270004500247300001700292500004300309942002200352 c168369d16836920191005144624.0 aB-223548 a8176298220 aB-223548 a344bTIW aTiwari,A.K aEnvironmental Laws in India :bcontribution of the supreme court /cby A.K Tiwari a2006 aNew DelhibDeep & deep publication pvt ltd aF-159, Rajouri GardenbNew Delhie110027 a450p.:c20cm aIncluding Table,Bibliography and Index 2ddccENh344mTIW